00674pab a2200193 454500008004000000100001600040245011500056260000900171300001300180362000800193650003800201650003800239650003000277700001600307773002600323909001000349999001700359952010400376180718b2001 xxu||||| |||| 00| 0 eng d aPanda, R.K. aA critical analysis of the working of the multipurpose agricultural cooperatives in Japan and lesson for India c2001 ap.123-36 aApr aAgricultural cooperatives - India aAgricultural cooperatives - Japan aAgricultural cooperatives aIzumida, Y. aAsian Economic Review a48542 c48542d48542 00104070aIIPAbIIPAd2018-07-19hVolume no: 43, Issue no: 1pAR48970r2018-07-19w2018-07-19yAR